Normal view
MARC view
- FIBER OPTIC SENSORS
Entry Topical Term
001 - CONTROL NUMBER
- control field: 56072
003 - CONTROL NUMBER IDENTIFIER
- control field: NUST
005 - DATE AND TIME OF LATEST TRANSACTION
- control field: 20210628201626.0
008 - FIXED-LENGTH DATA ELEMENTS
- fixed length control field: 210628|| aca||aabn | a|a d
040 ## - CATALOGING SOURCE
- Original cataloging agency: NUST
- Transcribing agency: NUST
150 ## - HEADING--TOPICAL TERM
- Topical term or geographic name entry element: FIBER OPTIC SENSORS
670 ## - SOURCE DATA FOUND
- Source citation: Work cat.: (NUST): Springer, George.S Steenkiste, Regis J.Van 56071, Strain and temperature measurement with fiber optic sensors, 1997
